000 00939nam a2200301Ia 4500
003 OSt
005 20220912151545.0
006 a|||||r|||| 00| 0
007 ta
008 220909b |||||||| |||| 00| 0 eng d
020 _a0849327490 (hbd)
024 _a60490
037 _b91, 16/08/2006, Ashutosh Technical Books
037 _cTextual
040 _aCSL
_beng
_cCSL
041 _aeng
082 _aD65,8(B):41, P6
100 _aDumas II, Joseph D
245 0 _aComputer architecture: Fundamentals and principles of computer design
260 _aBoca
_bRaton CRC Press
_c2006
300 _a372p.
_ccm.
500 _aAppendix 351-362p.
_ccm.; Index 363-372p.
_ccm.
650 _a Computer architecture
650 _a Computer engineering
650 _aComputer science
942 _hD65,8(B):41, P6
_cTEXL
_2CC
999 _c71249
_d71249